000 00193 a2200097 4500
020 _a9780452270541
041 _aeng
100 _aNapoleon Hills
245 _aA year of growing rich
942 _cK
999 _c26627
_d26627